00568nam a2200217Ia 450000500170000000800410001702000150005808200190007310000160009210000120010810000150012010000150013524500360015026000150018630000120020165000110021365000100022494200060023495200950024099900150033520241220022255.0240331s9999 xx 000 0 und d a818878804X bMAR21803a305 aNussbaum, M aBasu, A aTambiah, Y aJayal, N G 0aEssays on Gender and Governance bUNDPc2003 a134 p., aGender aWomen cL 001040708LaWERCLbWERCLcSSCd2024-03-31l0o 305 ESSp1803r2024-03-31w2024-03-31yL c1412d1412